00553nam a22001577a 450000500170000001000150001702000260003203500140005803700130007208200120008510000360009724501640013326000580029727000200035530000200037520181015110144.0 aENG-124282 a9789380335520c150.00 aEN-107814 bDBAD/PUB a181.499 aRajagoplalachari, Parthasarathi aLove & Death:cby Rajagopalachari, Parthasarathi.bInauguration of the European Ashram, Vrads Sande and Talks Given in Denmark 14 August to 16 September 1992 / aKolkatabSpiritual Hierarchy Publication Trust c2013 bKolkatae700027 a144p.c22cm(Hb)